000 01412nam a2200265 i 4500
003 EG-ScBUE
005 20250525122945.0
008 250508s1985 ii a f b 001 0 eng d
040 _aEG-ScBUE
_beng
_erda
_cEG-ScBUE
_dEG-ScBUE
082 0 4 _a533.7
_bLOE
_222
100 1 _aLoeb, Leonard B.,
_eauthor.
245 1 4 _aThe kinetic theory of gases :
_bbeing a text and reference book whose purpose is to combine the classical deductions with recent experimental advances in a convenient form for student and investigator /
_cby Leonard B. Loeb, professor of physics in the University of California.
250 _aThird edition.
264 1 _aCalcutta :
_bRadha Publishing House,
_c1985.
300 _axxxii, 687 pages :
_billustrations ;
_c23 cm
336 _2rdacontent
_atext
_btxt
337 _aunmediated
_2rdamedia
_bn
338 _avolume
_bnc
_2rdacarrier
500 _a"Unabridged republication of the 1961 Dover edition [3rd ed.], which reprinted the second (1934) edition of the work originally published by the McGraw-Hill Book Company, Inc. in 1927. The 1961 edition included a new preface and summary of recent progress by the author"--T.p. verso.
504 _aIncludes bibliographical references and index.
650 7 _aKinetic theory of gases.
_2BUEsh
655 _vReading book
856 4 2 _3Publisher description
_uhttp://www.loc.gov/catdir/enhancements/fy0615/2003064722-d.html
942 _cBB
_2ddc
999 _c6628
_d6628